| 000 | 00543nam a2200181Ia 4500 | ||
|---|---|---|---|
| 003 | OSt | ||
| 005 | 20260325110219.0 | ||
| 008 | 211028s2006 xx 000 0 und d | ||
| 040 | _cAIMIT LIBRARY | ||
| 041 | _aeng | ||
| 082 | _a658.3 REBR | ||
| 100 |
_aRebello, Rochelle Maria;P G Aquinas. _g40911112 _95617 |
||
| 245 | _aA study on teamwork at Mangalore refinery and petrochemicals limited / | ||
| 260 |
_bP G Aquinas _c2006 |
||
| 600 |
_aHuman Resource Management _95618 |
||
| 650 |
_aHuman Resource Management _95619 |
||
| 942 |
_2ddc _cPRO |
||
| 999 |
_c217964 _d217964 |
||